| 000 | 00000nam 2200000za 4500 |
| 001 | 9.822500 |
| 003 | CaOODSP |
| 005 | 20221107143706 |
| 007 | cr ||||||||||| |
| 008 | 160812s2005 qucabo ob f000 0 fre d |
| 020 | |z0-662-78309-3 |
| 040 | |aCaOODSP|bfre |
| 043 | |an-cn--- |
| 086 | 1 |aR64-303/2004F-PDF|zR64-303/2004F |
| 110 | 2 |aParcs Canada. |
| 245 | 10|aLieu historique national du Canada Ardgowan |h[ressource électronique] : |bplan directeur. |
| 260 | |a[Gatineau, QC] : |bParcs Canada, Centre de services de l’Atlantique, |cc2005. |
| 300 | |ax, 44 p. : |bill., cartes |
| 500 | |a« Mai 2005. » |
| 500 | |aPublié aussi en anglais sous le titre: Ardgowan National Historic Site of Canada: management plan. |
| 504 | |aComprend des réf. bibliogr. |
| 530 | |aÉgalement publié en version imprimée. |
| 692 | 07|2gccst|aLieu historique |
| 692 | 07|2gccst|aGestion |
| 692 | 07|2gccst|aPlanification |
| 710 | 2 |aParcs Canada. |bCentre de services de l'Atlantique. |
| 775 | 08|tArdgowan National Historic Site of Canada |w(CaOODSP)9.822498 |
| 776 | 0#|tLieu historique national du Canada Ardgowan : |w(CaOODSP)9.682669 |
| 856 | 40|qPDF|s2.37 Mo|uhttps://publications.gc.ca/collections/collection_2016/pc/R64-303-2004-fra.pdf |